000 01288cam a22003134a 4500
001 11824634
003 OSt
005 20150408114151.0
008 991027s2000 njua b 001 0 eng
010 _a 99056533
020 _a0130216704
040 _aDLC
_cDLC
_dDLC
042 _apcc
050 0 0 _aTK7885.7
_b.A7623 2000
082 0 0 _a621.392
_221
_bAJV
100 1 _aArmstrong, James R.,
_d1939-
_939677
245 0 0 _aVHDL design representation and synthesis /
_cJames R. Armstrong, F. Gail Gray.
250 _a2nd ed.
260 _aUpper Saddle River, NJ :
_bPrentice Hall PTR,
_cc2000.
300 _axv, 651 p. :
_bill. ;
_c25 cm. +
_e1 computer laser optical disc (4 3/4 in.)
500 _aRev. ed. of: Structured logic design with VHDL. 1993.
504 _aIncludes bibliographical references (p. 623-631) and index.
650 0 _aVHDL (Computer hardware description language)
_938645
700 1 _aGray, F. Gail.
_939678
700 1 _aArmstrong, James R.,
_d1939-
_tStructured logic design with VHDL.
_939679
906 _a7
_bcbc
_corignew
_d1
_eocip
_f19
_gy-gencatlg
942 _2ddc
_cBOOK
999 _c32025
_d266525